000 00536nam a22001817a 4500
999 _c18358
_d18358
003 AR-CdUCM
008 190513b ||||| |||| 00| 0 spa d
040 _aMUNICIPALIDAD PROVINCIAL DEL CUSCO
_cBIBLIOTECA MUNICIPAL DEL CUSCO
082 _a848.9 /
_bS16
100 _aSagan, Francoise
_911833
245 _auna cierta sonrisa :
_bNovela /
260 _aBuenos Aires :
_bThemis,
_c1957.
300 _a126 páginas ;
_c20 cm.
505 _aContenido : Novela.
650 _aNovela
_95
942 _2ddc
_cLIBROS
945 _arah
_d2019/05/13